[Event "Challenge"]
[Site "http://www.queenalice.com/game.php?id=803358"]
[Date "2010.7.14"]
[Round "-"]
[White "neofito"]
[Black "kingrey"]
[Result "0-1"]
[WhiteElo "1555"]
[BlackElo "1343"]

1. e4 e5 2. Nf3 Nc6 3. d4 Bb4+ 4. c3 Bd6 5. d5 Na5 6. b4 Nc6 7. dxc6 bxc6 8. Bc4
Nf6 9. O-O O-O 10. Qd3 c5 11. bxc5 Bxc5 12. Nxe5 Qe8 13. Bf4 a5 14. Be3 Qxe5 15.
Re1 Ng4 16. g3 Bxe3 17. fxe3 c6 18. Nd2 Bb7 19. Qxd7 Rab8 20. Rec1 Nf6 21. Qd3
c5 0-1

[Event "Challenge"]
[Site "http://www.queenalice.com/game.php?id=803359"]
[Date "2010.7.14"]
[Round "-"]
[White "kingrey"]
[Black "neofito"]
[Result "0-1"]
[WhiteElo "1350"]
[BlackElo "1585"]

1. d4 Nf6 2. c4 g6 3. Nc3 Bg7 4. g3 O-O 5. Nf3 d6 6. Bg2 e6 7. Bg5 c6 8. O-O d5
9. b3 a6 10. a4 Qa5 11. Qc2 Nbd7 12. Rab1 h6 13. Bh4 g5 14. Bxg5 hxg5 15. Nxg5
Bh6 16. b4 Qc7 17. c5 Bxg5 18. f4 Bh6 19. e3 Ng4 0-1

[Event "Let's Play Chess!"]
[Site "http://www.queenalice.com/game.php?id=823521"]
[Date "2010.8.26"]
[Round "-"]
[White "LukeKovacs"]
[Black "kingrey"]
[Result "1-0"]
[WhiteElo "1250"]
[BlackElo "1380"]

1. b3 d5 2. Bb2 Bg4 3. Nc3 Nf6 4. Qc1 e5 5. e3 Bb4 6. Be2 c6 7. d4 Nbd7 8. Bd3
g6 9. e4 a6 10. dxe5 Nxe5 11. Ne2 h5 12. Ba3 Bxc3+ 13. Nxc3 b5 14. O-O h4 15. h3
Qc7 16. Be2 Rh5 17. hxg4 Nexg4 18. Bxg4 Nxg4 19. f4 a5 20. Bc5 g5 21. Qd1 1-0

[Event "AUTO-INT-1800"]
[Site "http://www.queenalice.com/game.php?id=823786"]
[Date "2010.8.26"]
[Round "1"]
[White "J_Ricardo"]
[Black "kingrey"]
[Result "1-0"]
[WhiteElo "1463"]
[BlackElo "1418"]

1. e4 e5 2. b3 Nf6 3. Qe2 Bc5 4. h3 Nc6 5. Bb2 b5 6. a3 a6 7. c3 d6 8. Nf3 Be6
9. b4 Bb6 10. d3 d5 11. exd5 Nxd5 12. Nbd2 Nf4 13. Qd1 O-O 14. Ne4 Rc8 15. d4
exd4 16. cxd4 Nxd4 17. Bxd4 1-0

[Event "AUTO-INT-1800"]
[Site "http://www.queenalice.com/game.php?id=823787"]
[Date "2010.8.26"]
[Round "1"]
[White "kingrey"]
[Black "J_Ricardo"]
[Result "0-1"]
[WhiteElo "1359"]
[BlackElo "1534"]

1. d4 e6 2. c4 Nf6 3. a3 Bd6 4. c5 Be7 5. Nc3 a6 6. g3 Nc6 7. Nf3 d6 8. e4 e5 9.
d5 Na7 10. cxd6 cxd6 11. Bd3 h6 12. Be3 Nb5 13. Qb3 Bd7 14. Nxb5 axb5 15. Bxb5
Bxb5 16. Qxb5+ Nd7 17. O-O O-O 18. Rac1 Rb8 0-1

[Event "AUTO-INT-1800"]
[Site "http://www.queenalice.com/game.php?id=823798"]
[Date "2010.8.26"]
[Round "1"]
[White "dorszu"]
[Black "kingrey"]
[Result "1-0"]
[WhiteElo "1727"]
[BlackElo "1422"]

1. c4 e5 2. a3 Bc5 3. b4 Bd4 4. Nc3 c6 5. Bb2 Qf6 6. Ne4 Qf5 7. Nd6+ Ke7 8.
Nxf5+ Kd8 9. Bxd4 exd4 10. Nxd4 Nf6 11. g3 d5 12. cxd5 cxd5 13. Bh3 Bg4 14. Bxg4
Nxg4 15. Qb3 Nf6 16. Rc1 Kd7 17. Ngf3 b5 18. Ne5+ Ke7 19. Qe3 1-0

[Event "AUTO-INT-1800"]
[Site "http://www.queenalice.com/game.php?id=823799"]
[Date "2010.8.26"]
[Round "1"]
[White "kingrey"]
[Black "dorszu"]
[Result "0-1"]
[WhiteElo "1382"]
[BlackElo "1753"]

1. d4 d5 2. Nc3 Bf5 3. Bf4 Nf6 4. Nf3 h6 5. h3 Nc6 6. e3 Nb4 7. a3 Nxc2+ 8. Kd2
Ne4+ 9. Nxe4 dxe4 10. Ne5 Nxa1 11. Qxa1 c6 12. b4 e6 13. g4 Bh7 14. Rg1 g5 15.
Bg3 f6 16. Nc4 f5 17. Be5 Rg8 18. Qc3 b5 19. Na5 Qc8 0-1

[Event "AUTO-INT-1800"]
[Site "http://www.queenalice.com/game.php?id=823804"]
[Date "2010.8.26"]
[Round "1"]
[White "elsoncg"]
[Black "kingrey"]
[Result "1-0"]
[WhiteElo "1640"]
[BlackElo "1388"]

1. e4 e5 2. Qh5 Nf6 3. Qxe5+ Be7 4. Nf3 Nc6 5. Qb5 Nxe4 6. Bd3 Nd6 7. Qb3 a6 8.
O-O Bf6 9. Re1+ Kf8 10. Qd5 Nb4 11. Qa5 Nxd3 12. cxd3 b6 13. Qd5 Bb7 14. Qh5 c5
15. Nc3 g6 16. Qh6+ Bg7 17. Qh4 f6 18. d4 Nf5 19. Qh3 1-0

[Event "AUTO-INT-1800"]
[Site "http://www.queenalice.com/game.php?id=823805"]
[Date "2010.8.26"]
[Round "1"]
[White "kingrey"]
[Black "elsoncg"]
[Result "0-1"]
[WhiteElo "1394"]
[BlackElo "1634"]

1. d4 Nc6 2. Nf3 e6 3. e3 Bb4+ 4. c3 Bd6 5. Bd3 Nf6 6. O-O O-O 7. e4 e5 8. Be3
exd4 9. cxd4 a6 10. e5 Bxe5 11. dxe5 Nd5 12. Ng5 Re8 13. Bxh7+ Kf8 14. Qxd5 Qe7
15. Bc5 d6 16. exd6 Qd7 17. Bf5 Re5 18. dxc7+ Ke8 0-1

[Event "Amistoso"]
[Site "http://www.queenalice.com/game.php?id=824543"]
[Date "2010.8.28"]
[Round "-"]
[White "kingrey"]
[Black "picapal"]
[Result "0-1"]
[WhiteElo "1407"]
[BlackElo "1521"]

1. d4 g6 2. c4 d5 3. Nd2 Nc6 4. e3 e5 5. Ngf3 exd4 6. exd4 Bb4 7. a3 Bxd2+ 8.
Bxd2 Bg4 9. Be3 Qe7 10. cxd5 Bxf3 11. Qxf3 Nxd4 12. Qd1 Nf5 13. Qa4+ Kf8 14. Rd1
Nxe3 15. fxe3 Qxe3+ 16. Be2 Re8 17. Qb4+ Re7 18. d6 Qxe2# 0-1

[Event "Liesel"]
[Site "http://www.queenalice.com/game.php?id=832154"]
[Date "2010.9.13"]
[Round "3"]
[White "kingrey"]
[Black "sphagnis"]
[Result "0-1"]
[WhiteElo "1404"]
[BlackElo "1564"]

1. e4 e5 2. Nf3 d6 3. Bc4 a6 4. Ng5 Nh6 5. Qf3 f6 6. Ne6 Bxe6 7. Bxe6 Qe7 8. Bd5
c6 9. Nc3 cxd5 10. Nxd5 Qd7 0-1

[Event "AUTO-INT-1874"]
[Site "http://www.queenalice.com/game.php?id=859687"]
[Date "2010.11.16"]
[Round "1"]
[White "kingrey"]
[Black "zemorais"]
[Result "0-1"]
[WhiteElo "1382"]
[BlackElo "1752"]

1. d4 d5 2. Nc3 e6 3. Nf3 Nf6 4. Bf4 Bb4 5. Qd3 O-O 6. g3 b6 7. a3 Be7 8. Bg2 c5
9. b4 c4 10. Qe3 Nc6 11. Nb5 Ne4 12. Bc7 Qd7 13. O-O a6 14. Bxb6 axb5 15. c3 Qb7
16. Bc5 Nxc5 17. dxc5 Bf6 18. Qd2 Ne7 19. Qc2 Nf5 20. Rfd1 g6 21. g4 Ne7 22. h4
Bg7 23. g5 Nf5 24. Bh3 Ne7 25. Nd4 e5 26. Nf3 Bxh3 27. e4 dxe4 0-1

[Event "AUTO-INT-1874"]
[Site "http://www.queenalice.com/game.php?id=859688"]
[Date "2010.11.16"]
[Round "1"]
[White "zemorais"]
[Black "kingrey"]
[Result "1-0"]
[WhiteElo "1693"]
[BlackElo "1367"]

1. e4 e5 2. Nf3 d6 3. Bc4 Nf6 4. d3 h6 5. Nh4 g5 6. Nf5 h5 7. Bxg5 Nbd7 8. Nc3
b6 9. Nd5 Bg7 10. Nxg7+ Kf8 11. Nf5 Bb7 12. Nxf6 1-0

[Event "AUTO-INT-1874"]
[Site "http://www.queenalice.com/game.php?id=859689"]
[Date "2010.11.16"]
[Round "1"]
[White "kingrey"]
[Black "vinoseco"]
[Result "1-0"]
[WhiteElo "1364"]
[BlackElo "1426"]

1. d4 Nc6 2. d5 Ne5 3. g3 d6 4. Nc3 e6 5. Bg2 Qf6 6. Nf3 Ne7 7. Ne4 Qf5 8. Nh4
Qg4 9. h3 Qh5 10. g4 Qxh4 11. Bg5 f5 12. Bxh4 fxe4 13. Bxe4 exd5 14. Bxe7 Bxe7
15. Bxd5 1-0

[Event "AUTO-INT-1874"]
[Site "http://www.queenalice.com/game.php?id=859690"]
[Date "2010.11.16"]
[Round "1"]
[White "vinoseco"]
[Black "kingrey"]
[Result "1-0"]
[WhiteElo "1434"]
[BlackElo "1372"]

1. e4 e5 2. Nf3 Nc6 3. Bc4 Nh6 4. d3 Bc5 5. Bg5 f6 6. Be3 Bxe3 7. fxe3 b6 8. Nc3
Bb7 9. Bd5 Ng4 10. Qe2 Nb4 11. Bxb7 Rb8 12. Bd5 c6 13. a3 Nxd5 14. exd5 cxd5 15.
Nxd5 O-O 16. Nh4 d6 17. Qxg4 Rb7 18. Nf5 b5 19. h4 g6 20. Nh6+ Kg7 21. Nf5+ Kh8
22. Nh6 f5 23. Qg3 a5 24. h5 g5 25. Rf1 Qc8 26. c3 b4 27. Rxf5 Rxf5 28. Ne7 Rxe7
29. e4 Rf6 30. Ng4 Rff7 31. axb4 Qf8 32. O-O-O axb4 33. c4 Qa8 34. Nh6 Qa1+ 35.
Kc2 b3+ 36. Kd2 Qxb2+ 37. Ke3 Qd4+ 38. Ke2 Rf4 39. Kd2 Rf2+ 40. Ke1 Rc2 41. Rd2
Qc3 42. Qxg5 Rg7 43. Qd8+ Rg8 44. Qxg8# 1-0

[Event "AUTO-INT-1874"]
[Site "http://www.queenalice.com/game.php?id=859691"]
[Date "2010.11.16"]
[Round "1"]
[White "kingrey"]
[Black "coutovet"]
[Result "1-0"]
[WhiteElo "1337"]
[BlackElo "1376"]

1. d4 d5 2. Nc3 e6 3. Nf3 h6 4. g3 a6 5. Bg2 Nc6 6. O-O Nf6 7. a3 Bd6 8. b4 b5
9. e3 O-O 10. Qd3 e5 11. e4 dxe4 12. Nxe4 Bf5 13. Nh4 Bxe4 14. Bxe4 Nxe4 15.
Qxe4 Qd7 16. Nf5 Rfe8 17. d5 Ne7 18. Nxe7+ Qxe7 19. c4 c5 20. dxc6 bxc4 21. Qxc4
Qc7 22. Rd1 Rec8 23. b5 axb5 24. Qxb5 Qxc6 25. Qd5 Ra6 26. Be3 Bxa3 27. Qd8+
Rxd8 28. Rxd8+ Kh7 29. Rdd1 f5 30. Rdc1 Bxc1 31. Rxc1 Qf3 32. Bd2 Ra2 33. Be1 e4
34. Rc3 Qe2 35. Re3 Qd1 36. Kg2 Re2 37. Kf1 Ra2 38. Kg2 Kg6 39. h3 1-0

[Event "AUTO-INT-1874"]
[Site "http://www.queenalice.com/game.php?id=859692"]
[Date "2010.11.16"]
[Round "1"]
[White "coutovet"]
[Black "kingrey"]
[Result "1-0"]
[WhiteElo "1590"]
[BlackElo "1380"]

1. e4 e5 2. Nf3 d6 3. h3 Nf6 4. Nc3 Be7 5. d4 Nc6 6. d5 Nd4 7. Be3 Nxf3+ 8. gxf3
O-O 9. Bg2 b6 10. Qd2 a5 11. f4 Bb7 12. fxe5 dxe5 13. O-O-O Ba6 14. f4 exf4 15.
Bxf4 Qd7 16. Bf3 c6 17. d6 Bd8 18. e5 Ne8 19. Bg4 Qb7 20. h4 h6 21. Bxh6 gxh6
22. Qxh6 Ng7 23. Ne4 c5 24. Nf6+ Bxf6 25. exf6 1-0

[Event "Challenge"]
[Site "http://www.queenalice.com/game.php?id=861627"]
[Date "2010.11.21"]
[Round "-"]
[White "vautrien"]
[Black "kingrey"]
[Result "1-0"]
[WhiteElo "1736"]
[BlackElo "1339"]

1. Nf3 d5 2. d4 g6 3. e3 Nf6 4. c4 c6 5. cxd5 cxd5 6. Nc3 a6 7. Bd2 Bg7 8. Be2
Nc6 9. a3 b5 10. b4 Bf5 11. O-O O-O 12. Rc1 Ne4 13. Na2 Rc8 14. Qb3 Bg4 15. Qb2
h6 16. h3 Bxf3 17. Bxf3 Nxd2 18. Qxd2 h5 19. Nc3 e6 20. Na2 Qd7 21. Rc5 f5 22.
Rfc1 Rc7 23. R1c2 Bh6 24. Qc1 Rfc8 25. Nc3 Bg5 26. Ne2 h4 27. g4 Kh7 28. Kg2 Bd8
29. Kh1 g5 30. gxf5 exf5 31. Nc3 f4 32. Nxd5 Qxh3+ 33. Kg1 Qxf3 34. Rxc6 h3 35.
Rxc7+ Rxc7 36. Rxc7+ Bxc7 37. Qxc7+ Kg6 38. Ne7+ Kh5 39. Qc6 Qd1+ 40. Kh2 g4 41.
Qg6+ 1-0

[Event "Challenge"]
[Site "http://www.queenalice.com/game.php?id=866669"]
[Date "2010.12.2"]
[Round "-"]
[White "vogeleduardo"]
[Black "kingrey"]
[Result "1-0"]
[WhiteElo "1509"]
[BlackElo "1355"]

1. Nf3 d5 2. d4 Nf6 3. c3 Bf5 4. h3 g6 5. e3 Nc6 6. Bb5 Bg7 7. O-O O-O 8. Ng5 h6
9. Nf3 Bxb1 10. Rxb1 Na5 11. Ne5 c6 12. Bd3 Qc7 13. b4 Nc4 14. Qf3 Nxe5 15. dxe5
Qxe5 16. Bd2 b5 17. a3 a6 18. Bc2 Ne4 19. Bxe4 dxe4 20. Qf4 Rad8 21. Rbd1 g5 22.
Qg4 f5 23. Qg3 Rd6 24. f4 gxf4 25. exf4 Qe6 26. Be3 Qf6 27. Bd4 Qf7 28. Be5 Rg6
29. Qh4 Rg4 30. hxg4 fxg4 31. Qxg4 e3 32. Rd3 e2 33. Re1 h5 34. Qxe2 1-0

[Event "Challenge"]
[Site "http://www.queenalice.com/game.php?id=872975"]
[Date "2010.12.17"]
[Round "-"]
[White "kingrey"]
[Black "juli1"]
[Result "0-1"]
[WhiteElo "1337"]
[BlackElo "1503"]

1. e4 c5 2. Nc3 Nc6 3. Bc4 Nf6 4. f4 e6 5. e5 d5 6. Bb5 Nd7 7. Nf3 f5 8. d4 Nxd4
9. Nxd4 cxd4 10. Qxd4 Qh4+ 11. g3 Qh6 12. Bd3 Bc5 13. Qa4 d4 14. Nb5 Nb6 15.
Nd6+ Kd8 16. Nf7+ Kc7 17. Nxh6 Nxa4 18. Nf7 Rg8 19. Bb5 Bb4+ 20. Bd2 Bxd2+ 21.
Kxd2 Nxb2 22. Rab1 a6 23. Rxb2 axb5 24. Rxb5 Rxa2 25. Rhb1 Kb8 26. Nd6 Ra7 27.
Nc4 Bd7 28. Rc5 g5 29. Nb6 Rd8 30. fxg5 Ra2 31. h4 d3 32. Kxd3 Bb5+ 33. Kc3 Be2
0-1